00702cam a22002051 450000100060000000300080000600500170001400800390003103500190007004000320008904100080012108200250012910000520015424500610020626000580026730000510032550400470037660000360042365000370045927017BD-RjUL20211209051112.0140324s1947 riuabc 001 0beng a(BD-RjUL)27088 aDLCcDLCdDLCdBD-RjULbeng aeng a973.270924bPEP 19471 aPeckham, Howard H.q(Howard Henry),d1910-1995.10aPontiac and the Indian uprising /cby Howard H. Peckham. aPrinceton, N.J. :bPrinceton University Press,c1947. axviii, 346 p. :bill., ports., maps. ;c23 cm. aBibliography: p. 326-332 & Includes Index.00aPontiac,cOttawa Chief,d-1769. 0aPontiac's Conspiracy, 1763-1765.